Hindu book of editorials 2017 (Record no. 240671)

MARC details
000 -LEADER
fixed length control field 01060nam a22002417a 4500
005 - DATE AND TIME OF LATEST TRANSACTION
control field 20251106102607.0
008 - FIXED-LENGTH DATA ELEMENTS--GENERAL INFORMATION
fixed length control field 251105b |||||||| |||| 00| 0 eng d
020 ## - INTERNATIONAL STANDARD BOOK NUMBER
International Standard Book Number 978-9387791541
040 ## - CATALOGING SOURCE
Transcribing agency AL
041 ## - LANGUAGE CODE
Language code of text/sound track or separate title English
082 ## - DEWEY DECIMAL CLASSIFICATION NUMBER
Classification number 070.172
Item number NAMH
100 ## - MAIN ENTRY--PERSONAL NAME
Personal name Suresh Nambath
100 ## - MAIN ENTRY--PERSONAL NAME
9 (RLIN) 244191
245 ## - TITLE STATEMENT
Title Hindu book of editorials 2017
260 ## - PUBLICATION, DISTRIBUTION, ETC.
Place of publication, distribution, etc. Chennai
Name of publisher, distributor, etc. THG Publishing Private Limited
Date of publication, distribution, etc. 2023
300 ## - PHYSICAL DESCRIPTION
Extent 365 p.
Other physical details PB
Dimensions 21x14 cm.
365 ## - TRADE PRICE
Price type code 695-2025/26
Price amount ₹200.00
Currency code
Unit of pricing ₹250.00
Price note 20%
Price effective from 07-10-2025
440 ## - SERIES STATEMENT/ADDED ENTRY--TITLE
Title The Hindu Series
9 (RLIN) 244141
520 ## - SUMMARY, ETC.
Summary, etc. This book features a selection of editorials that were published in the editorial pages of India's national newspaper , The Hindu, in the year 2017. The selection spans a variety of topics ranging from politics, governanceand civil society, to media, health and education, and offers the reader a perspective of the key events of 2017 that have a continuing relevance.
650 ## - SUBJECT ADDED ENTRY--TOPICAL TERM
Topical term or geographic name entry element Hindu
9 (RLIN) 244142
650 ## - SUBJECT ADDED ENTRY--TOPICAL TERM
Topical term or geographic name entry element Instant News
9 (RLIN) 244143
650 ## - SUBJECT ADDED ENTRY--TOPICAL TERM
Topical term or geographic name entry element public importance
9 (RLIN) 244144
942 ## - ADDED ENTRY ELEMENTS (KOHA)
Source of classification or shelving scheme Dewey Decimal Classification
Koha item type Book
Holdings
Withdrawn status Lost status Source of classification or shelving scheme Damaged status Not for loan Collection code Home library Current library Shelving location Date acquired Source of acquisition Cost, normal purchase price Total Checkouts Full call number Barcode Date last seen Cost, replacement price Price effective from Koha item type
    Dewey Decimal Classification     Journalism St Aloysius Library St Aloysius Library Stack Section 10/29/2025 THG Publishing Private Limited 200.00   070.172 NAMH 077952 11/05/2025 250.00 10/07/2025 Book